ডেজার্ট গড : (Record no. 10977)
[ view plain ]
| 000 -LEADER | |
|---|---|
| fixed length control field | 00830nam a2200229 a 4500 |
| 001 - CONTROL NUMBER | |
| JCCL Control Number | 10977 |
| 003 - CONTROL NUMBER IDENTIFIER | |
| JCCL marc code | BD-JhCC |
| 005 - DATE AND TIME OF LATEST TRANSACTION | |
| control field | 20221201134023.0 |
| 008 - FIXED-LENGTH DATA ELEMENTS--GENERAL INFORMATION | |
| fixed length control field | 190611s2016 bg |||| |||| 000 0 ben d |
| 020 ## - INTERNATIONAL STANDARD BOOK NUMBER | |
| International Standard Book Number | 9789849133438 |
| 035 ## - SYSTEM CONTROL NUMBER | |
| system control number | (BD-JhCC)10977 |
| 040 ## - CATALOGING SOURCE | |
| Original cataloging agency | BD-JhCC |
| Modifying agency | BD-JhCC |
| 041 ## - LANGUAGE CODE | |
| Language code of Book | ben |
| 082 ## - DEWEY DECIMAL CLASSIFICATION NUMBER | |
| Classification number | 823.914 |
| Author mark and Year | SMI 2016 |
| 100 ## - MAIN ENTRY--PERSONAL NAME | |
| Personal name | স্মিথ, উলবার |
| 245 ## - TITLE STATEMENT | |
| Title | ডেজার্ট গড : |
| Remainder of title | প্রাচীন মিসরের কাহিনি / |
| Statement of responsibility, etc | উলবার স্মিথ, অনুবাদ কাজী আখতারউদ্দিন |
| 260 ## - PUBLICATION, DISTRIBUTION, ETC. (IMPRINT) | |
| Place of publication, distribution, etc | ঢাকা : |
| Name of publisher, distributor, etc | রোদেলা, |
| Date of publication, distribution, etc | ২০১৬. |
| 300 ## - PHYSICAL DESCRIPTION | |
| Pagination | ৩৮২ পৃ. : |
| Dimensions | ২০ সেমি. |
| 650 ## - SUBJECT ADDED ENTRY--TOPICAL TERM | |
| Topical term or geographic name as entry element | Novel |
| Geographic subdivision | Egypt |
| 700 ## - ADDED ENTRY--PERSONAL NAME | |
| Personal name | আখতারউদ্দিন, কাজী |
| 942 ## - ADDED ENTRY ELEMENTS (KOHA) | |
| Source of classification or shelving scheme | Dewey Decimal Classification |
| Koha item type | Books |
| Koha issues (borrowed), all copies | 23 |
| Source of classification or shelving scheme | Damaged status | Not for loan | Home library | Current library | Shelving location | Date of accession | Cost, normal purchase price | Total Checkouts | Full call number | Barcode | Date last seen | Date checked out | Copy number | Koha item type |
|---|---|---|---|---|---|---|---|---|---|---|---|---|---|---|
| Dewey Decimal Classification | JCC Rouf Library | JCC Rouf Library | General Stacks | 06/11/2019 | 322.00 | 12 | 823.914 SMI 2016 | 15151 | 07/01/2024 | 06/03/2024 | C-1 | Books | ||
| Dewey Decimal Classification | JCC Rouf Library | JCC Rouf Library | General Stacks | 07/31/2019 | 322.00 | 9 | 823.914 SMI 2016 | 14914 | 05/19/2024 | 04/25/2024 | C-2 | Books |